| 000 | 003560000a22001570004500 | ||
|---|---|---|---|
| 003 | MACL | ||
| 005 | 20151227142822.0 | ||
| 008 | 151227b xxu||||| |||| 00| 0 eng d | ||
| 040 |
_aMACL _cmacl |
||
| 041 | _aEnglish | ||
| 082 | _a025.435/RAM | ||
| 245 | _aLibrary Manual | ||
| 260 | _aBombay | ||
| 650 |
_aLibrary Science _957 |
||
| 942 |
_cBK _k025.435 _2ddc |
||
| 999 |
_c36356 _d36356 |
||